Resum d'activitats : 2003 - 2007 / Àrea de Benestar Social 2003 - 2007 / Àrea de Benestar Social
Descripción Física:
65 p. : gràf. ; 30 cm + 1 CD-ROM
MARC
| LEADER | 00000nam a2200000Ia 4500 | ||
|---|---|---|---|
| 001 | 19653 | ||
| 008 | 160829s9999 xx 000 0 cat d | ||
| 080 | |a S-1-145 | ||
| 110 | 1 | |a Barcelona (Catalunya : Província). |b Àrea de Benestar Social |9 52988 | |
| 245 | |a Resum d'activitats : |b 2003 - 2007 / Àrea de Benestar Social | ||
| 260 | |a Barcelona : |b Diputació de Barcelona. Àrea de Benestar Social, [2007] | ||
| 300 | |a 65 p. : |b gràf. ; |c 30 cm + 1 CD-ROM | ||
| 590 | |a Inclou la presentació del 1r fòrum de serveis socials municipals celebrada el 28 i 29 de març de 2007 en CD-ROM | ||
| 610 | 1 | 0 | |a Barcelona (Catalunya : Província). |b Àrea de Benestar Social |9 52988 |
| 901 | |a Arxiu | ||
| 942 | |n 1 | ||
| 952 | |0 0 |1 0 |4 0 |6 S1145 |7 1 |9 50240 |a Arxiu |b Arxiu |d 2016-12-01 |l 0 |o S-1-145 |p 19653 |r 2016-12-01 00:00:00 |w 2016-12-01 |y ARXIU | ||
| 999 | |c 54082 |d 54082 | ||